Հորիզոններ / (Record no. 10809)
[ view plain ]
| 000 -LEADER | |
|---|---|
| fixed length control field | 00841nam a2200217 a 4500 |
| 001 - CONTROL NUMBER | |
| control field | 000025899 |
| 003 - CONTROL NUMBER IDENTIFIER | |
| control field | AM-YEHGA |
| 005 - DATE AND TIME OF LATEST TRANSACTION | |
| control field | 20250618070901.0 |
| 008 - FIXED-LENGTH DATA ELEMENTS--GENERAL INFORMATION | |
| fixed length control field | 980706s1957 ai |||||||||||||||||arm|d |
| 040 ## - CATALOGING SOURCE | |
| Original cataloging agency | AM-YeHGA |
| 041 0# - LANGUAGE CODE | |
| Language code of text/sound track or separate title | arm |
| 090 ## - LOCALLY ASSIGNED LC-TYPE CALL NUMBER (OCLC); LOCAL CALL NUMBER (RLIN) | |
| -- | 10889 |
| 100 1# - MAIN ENTRY--PERSONAL NAME | |
| Personal name | Ալազան, Վահրամ Մարտիրոսի, |
| Dates associated with a name | 1903-1966 |
| 9 (RLIN) | 78 |
| 245 10 - TITLE STATEMENT | |
| Title | Հորիզոններ / |
| Statement of responsibility, etc. | Վ.Մ. Ալազան ; Խմբ.՝ Գ.Ե. Հովսեփյան ; Նկ.՝ Մ.Ս. Սարյան. |
| 260 ## - PUBLICATION, DISTRIBUTION, ETC. | |
| Place of publication, distribution, etc. | Երևան : |
| Name of publisher, distributor, etc. | Հայպետհրատ, |
| Date of publication, distribution, etc. | 1957. |
| 300 ## - PHYSICAL DESCRIPTION | |
| Extent | 386 էջ : |
| Other physical details | դիմանկ. ; |
| Dimensions | 22 սմ. |
| 650 14 - SUBJECT ADDED ENTRY--TOPICAL TERM | |
| Topical term or geographic name entry element | Հայ գրականություն |
| General subdivision | Պոեզիա |
| 700 1# - ADDED ENTRY--PERSONAL NAME | |
| Personal name | Հովսեփյան, Գարեգին Եղիշեի, |
| Dates associated with a name | 1914-1993 |
| Relator term | խմբ. |
| Relationship | edt |
| 9 (RLIN) | 1922 |
| 700 1# - ADDED ENTRY--PERSONAL NAME | |
| Personal name | Սարյան, Մարտիրոս Սարգսի, |
| Dates associated with a name | 1880-1972 |
| Relator term | նկ. |
| Relationship | art |
| 9 (RLIN) | 1036 |
| 942 ## - ADDED ENTRY ELEMENTS (KOHA) | |
| Source of classification or shelving scheme | Universal Decimal Classification |
| Koha item type | Գրքեր / Books |
| Withdrawn status | Lost status | Damaged status | Not for loan | Collection | Home library | Current library | Date acquired | Total checkouts | Full call number | Barcode | Date last seen | Cost, replacement price | Price effective from | Koha item type | Public note | Source of classification or shelving scheme |
|---|---|---|---|---|---|---|---|---|---|---|---|---|---|---|---|---|
| General | Fundamental Scientific Library | Fundamental Scientific Library | 21/12/2016 | AII/26684 | 220026684 | 21/12/2016 | 7.00 | 21/12/2016 | Գրքեր / Books | 30 Days Loan | ||||||
| General | Fundamental Scientific Library | Fundamental Scientific Library | 21/12/2016 | AII/26685 | 220026685 | 21/12/2016 | 7.00 | 21/12/2016 | Գրքեր / Books | 30 Days Loan | ||||||
| General | Fundamental Scientific Library | Fundamental Scientific Library | 21/12/2016 | AII/26686 | 220026686 | 21/12/2016 | 7.00 | 21/12/2016 | Գրքեր / Books | 30 Days Loan | ||||||
| Hovhannisian Individual Collection | Fundamental Scientific Library | Fundamental Scientific Library | 11/07/2018 | Հովհ/2392 | FL0508192 | 11/07/2018 | 11/07/2018 | Գրքեր / Books | ILL Non-Circ. | Universal Decimal Classification | ||||||
| Kusikian Individual Collection | Fundamental Scientific Library | Fundamental Scientific Library | 20/02/2020 | Կուս/235 | FL0622398 | 20/02/2020 | 20/02/2020 | Գրքեր / Books | ILL Non-Circ. | Universal Decimal Classification |
ՀՀ Գիտությունների ազգային ակադեմիայի հիմնարար գիտական գրադարան = Fundamental Scientific Library of NAS RA
All site content, except where otherwise noted, is licensed under a